Statistics for NASCAR 2017

Click here to take the quiz!

General Stats

  • This quiz has been taken 66 times
  • The average score is 10 of 15

Answer Stats

Who is the 2017 monster energy cup series championAnswer% Correct
Who won this years monster energy cup seriesMartin truex jr
88%
Who had eight wins this seriesMartin truex jr
88%
Who led 78 laps at homestead this yearMartin truex jr
88%
Who missed out on their eighth championship this yearJimmie Johnson
87%
Who won the spring Dover raceJimmie Johnson
87%
Who won at the all star series at CharlotteKyle busch
83%
Which driver had a throwback paintscheme at his final race at homestead-miamiDale Earnhardt jr
81%
Who got their fist win at poconoRyan blaney
75%
Who stopped driving the no. 10 car this yearDanica patrick
62%
Who got their first win at CharlotteAustin dillon
60%
Who missed out on the championship for the first timeJoey logano
58%
Who will drive the 43 next yearDarrell Wallace jr
56%
Who got their first win at talledegaRicky stenhouse jr
56%
Who sings the nascar song ‘bringing back the sunshine’Blake Shelton
27%
Who had tensions at martinsville in OctoberDenny Hamlin and chase elliott
12%

Score Distribution

Percentile by Number Answered

Percent of People with Each Score

Your Score History

You have not taken this quiz